| 000 | 02812 a2200253 4500 | ||
|---|---|---|---|
| 999 |
_c11058 _d11058 |
||
| 020 | _a9781455776269 | ||
| 050 |
_aRC266 _bCOR 2016 |
||
| 100 |
_aItano, Joanne _eeditor |
||
| 245 |
_aCore curriculum for oncology nursing/ _cedited Joanne Itano |
||
| 250 | _aFifth edition | ||
| 264 |
_aSt. Louis, Missouri : _bElsevier, _c[2016] |
||
| 300 |
_axx, 598 pages : _billustrations |
||
| 336 |
_2rdacontent _atext _btxt |
||
| 337 |
_2rdamedia _aunmediated _bn |
||
| 338 |
_2rdacarrier _avolume _bnc |
||
| 504 | _aIncludes bibliographical references and index | ||
| 505 | _aEpidemiology, prevention, and health promotion -- Screening and early detection -- Carcinogenesis -- Immunology -- Genetic risk factors -- Research protocols and clinical trials -- Breast cancer -- Lung cancer -- Cancers of the gastrointestinal tract -- Cancers of the reproductive system -- Cancers of the urinary system -- Skin cancer -- Head and neck cancers -- Cancers of the neurologic system -- Leukemia -- Lymphoma and multiple myeloma -- Bone and soft tissue cancers -- HIV-related cancers -- Nursing implications of surgical treatment -- Nursing implications of blood and marrow transplant -- Nursing implications of radiation therapy -- Nursing implications of chemotherapy -- Nursing implications of targeted therapies and biotherapy -- Nursing implications of support therapies and procedures -- Pharmacologic interventions -- Complemenatry and integrative modalities -- Alterations in hematologic and immune function -- Alterations in gastrointestinal function -- Alterations in genitourinary function -- Alterations in musculoskeletal, integumentary, and neurologic functions -- Alterations in respiratory function -- Alterations in cardiovascular function -- Alterations in nutritional status -- Comfort -- Cultural, spirital, and religious diversity -- Altered body image -- Coping mechanisms and skills -- Psychosocial disturbances and alterations -- Sexuality -- Metabolic emergencies -- Structural emergencies -- Survivorship -- Palliative and end-of-life care -- Evidence-based practice and standards of oncology nursing -- Education process -- Legal issues -- Ethical issues -- Professional issu | ||
| 520 | _aThe only OCN Exam review developed in collaboration with the Oncology Nursing Society (ONS), "Core Curriculum for Oncology Nursing", 6th Edition, is the must-have OCN certification review resource. This essential guide covers the entire scope of practice for oncology nursing and reflects important changes in the dynamic field of cancer treatment and care. -- From publisher's descriptio | ||
| 650 | _aOncology Nursing. | ||
| 700 |
_aBrant, Jeannine M., _e editor |
||
| 700 |
_aConde, Francisco A., _eeditor |
||
| 700 |
_aSaria, Marlon Garzo, _e editor |
||
| 942 |
_2lcc _cBK _eFifth edition _h266 _iCOR _kRC |
||